[Event "World Team Championship"]
[Site "Ningbo CHN"]
[Date "2011.07.17"]
[Round "1"]
[White "El Gindy, Essam"]
[Black "Moiseenko, Alexander"]
[Result "0-1"]
[WhiteElo "2510"]
[BlackElo "2715"]
[PlyCount "76"]
[EventDate "2011.07.17"]

1. d4 Nf6 2. c4 e6 3. Nf3 d5 4. g3 dxc4 5. Bg2 Nc6 6. Qa4 Bb4+ 7. Bd2 Nd5 8.
Qc2 b5 9. O-O Bxd2 10. Nbxd2 O-O 11. Rfd1 Rb8 12. a3 Ba6 13. Ne4 Qe7 14. b4 Bb7
15. Nc5 Ba8 16. e4 Nb6 17. h4 Rfd8 18. Rab1 h6 19. Qc3 Rbc8 20. a4 bxa4 21. Rd2
a6 22. Nxa6 Na7 23. Nc5 Nb5 24. Qe3 a3 25. Bf1 Qd6 26. Rbd1 f5 27. exf5 exf5
28. d5 Re8 29. Qf4 Qxf4 30. gxf4 Nc3 31. Ra1 Bxd5 32. Ne5 Ra8 33. Rc2 Nb5 34.
Bg2 Bxg2 35. Kxg2 c3 36. Ned3 Rad8 37. Kf1 Rd4 38. Rca2 Nd5 0-1

[Event "World Team Championship"]
[Site "Ningbo CHN"]
[Date "2011.07.17"]
[Round "1"]
[White "Gashimov, Vugar"]
[Black "Wang Yue"]
[Result "0-1"]
[WhiteElo "2760"]
[BlackElo "2709"]
[PlyCount "86"]
[EventDate "2011.07.17"]

1. c4 Nf6 2. Nc3 e5 3. Nf3 Nc6 4. a3 d5 5. cxd5 Nxd5 6. Qc2 Nxc3 7. bxc3 Bd6 8.
g3 Qe7 9. d3 O-O 10. Bg2 Bd7 11. O-O Rae8 12. e4 Na5 13. Nh4 b6 14. Nf5 Qf6 15.
Ne3 Be6 16. Bb2 Bc5 17. Qe2 Rd8 18. Nd5 Bxd5 19. exd5 Bd6 20. Rae1 Nb3 21. Qd1
Nc5 22. f4 exf4 23. d4 Nd7 24. gxf4 Qh4 25. Re5 Nf6 26. Qe1 Qxe1 27. Rexe1 Rfe8
28. Bc1 b5 29. Bd2 Bxa3 30. Rb1 a6 31. Bf3 Nxd5 32. Rb3 Bf8 33. Ra1 Nb6 34.
Rxa6 Nc4 35. Ra2 b4 36. Rc2 Nxd2 37. Rxd2 bxc3 38. Re2 Rxe2 39. Bxe2 Rxd4 40.
Rxc3 Bd6 41. Rb3 Rxf4 42. Rb8+ Bf8 43. Rc8 c5 0-1

[Event "World Team Championship"]
[Site "Ningbo CHN"]
[Date "2011.07.17"]
[Round "1"]
[White "Mamedyarov, Shakhriyar"]
[Black "Yu Yangyi"]
[Result "1-0"]
[WhiteElo "2765"]
[BlackElo "2672"]
[PlyCount "95"]
[EventDate "2011.07.17"]

1. d4 Nf6 2. c4 e6 3. Nc3 Bb4 4. Qc2 c5 5. dxc5 O-O 6. a3 Bxc5 7. Nf3 Be7 8.
Bf4 Nc6 9. Rd1 a6 10. e4 Nh5 11. Bd6 Bxd6 12. Rxd6 Qc7 13. Qd2 Nf6 14. b4 b6
15. Be2 Rd8 16. O-O Ne8 17. Rd3 Bb7 18. Qe3 Nf6 19. Rfd1 d6 20. Qd2 Ne8 21. h3
Rac8 22. Qe3 Rb8 23. Na4 Ba8 24. e5 dxe5 25. Rxd8 Nxd8 26. Qxe5 Qc8 27. c5 Nc6
28. Qf4 b5 29. Nb6 Qc7 30. Qxc7 Nxc7 31. Rd7 Nd5 32. Nxd5 exd5 33. Ng5 Re8 34.
Kf1 Ne5 35. Rd6 Bb7 36. Nf3 Nc4 37. Rd7 Bc8 38. Rxd5 Nxa3 39. Nd4 Kf8 40. c6
Ke7 41. c7 Bd7 42. Bg4 Bxg4 43. hxg4 Rc8 44. Nf5+ Ke6 45. Rd6+ Ke5 46. Rc6 a5
47. bxa5 b4 48. Ne7 1-0

[Event "World Team Championship"]
[Site "Ningbo CHN"]
[Date "2011.07.17"]
[Round "1"]
[White "Harikrishna, Pentala"]
[Black "Leko, Peter"]
[Result "1/2-1/2"]
[WhiteElo "2669"]
[BlackElo "2717"]
[PlyCount "87"]
[EventDate "2011.07.17"]

1. d4 Nf6 2. c4 e6 3. g3 d5 4. Bg2 Bb4+ 5. Nd2 O-O 6. Ngf3 b6 7. O-O Bb7 8.
cxd5 exd5 9. Ne5 Re8 10. Ndf3 h6 11. Bf4 Bf8 12. Qa4 c5 13. Rac1 Na6 14. Rfd1
Qc8 15. e3 Qe6 16. h4 Bd6 17. b3 Ne4 18. Qd7 Qxd7 19. Nxd7 Bxf4 20. gxf4 Bc8
21. Nde5 f6 22. Nd3 Bg4 23. Nde1 Red8 24. Bf1 Nc7 25. Be2 a5 26. dxc5 bxc5 27.
Nd4 Bd7 28. f3 cxd4 29. fxe4 Nb5 30. Bxb5 Bxb5 31. Rc5 Rdb8 32. Rxd4 dxe4 33.
Rxe4 Rb7 34. Rd4 Be8 35. Nc2 a4 36. b4 a3 37. Rdc4 Bf7 38. Rc8+ Rxc8 39. Rxc8+
Kh7 40. Rc3 Bxa2 41. Rxa3 Bd5 42. Kf2 Be4 43. Ra2 Bxc2 44. Rxc2 1/2-1/2

[Event "World Team Championship"]
[Site "Ningbo CHN"]
[Date "2011.07.17"]
[Round "1"]
[White "Almasi, Zoltan"]
[Black "Sasikiran, Krishnan"]
[Result "0-1"]
[WhiteElo "2726"]
[BlackElo "2681"]
[PlyCount "170"]
[EventDate "2011.07.17"]

1. e4 e5 2. Nf3 Nc6 3. Bb5 a6 4. Ba4 Nf6 5. O-O Be7 6. Re1 b5 7. Bb3 d6 8. c3
O-O 9. h3 Nb8 10. d4 Nbd7 11. Nbd2 Bb7 12. Bc2 Re8 13. Nf1 Bf8 14. Ng3 g6 15.
b3 c6 16. Bg5 Bg7 17. Qd2 Qe7 18. a4 Qf8 19. Be3 Rac8 20. Bd3 d5 21. dxe5 Nxe5
22. Nxe5 Rxe5 23. f4 Ree8 24. e5 Nd7 25. axb5 cxb5 26. b4 f6 27. exf6 Nxf6 28.
Bd4 Ne4 29. Bxe4 dxe4 30. Ne2 Rcd8 31. Qe3 Bh6 32. Rf1 Qf7 33. Rad1 Rd5 34. Ng3
Rd7 35. Rde1 Qd5 36. Ne2 Rf7 37. Rd1 Qc6 38. Bc5 Rd7 39. Bd4 Rf8 40. Rf2 Qc7
41. Qg3 Rf5 42. Rff1 Qc4 43. Qg4 Rdf7 44. Bc5 Bf8 45. Rd8 Rxc5 46. bxc5 Kg7 47.
f5 Be7 48. Rd7 Qxc5+ 49. Nd4 Bc8 50. f6+ Bxf6 51. Rxf7+ Kxf7 52. Qh4 Bf5 53.
Qxh7+ Ke8 54. Kh1 Qc4 55. Rd1 Bxd4 56. cxd4 e3 57. Qh8+ Kf7 58. Qh7+ Ke8 59.
Qh6 e2 60. Rc1 Qxd4 61. Re1 Bd3 62. Qd2 Qf2 63. Kh2 Bc4 64. Ra1 Qf6 65. Qe3+
Kd8 66. Re1 Qd6+ 67. Kg1 a5 68. Qa7 a4 69. Qa8+ Kd7 70. Qb7+ Qc7 71. Qe4 Qb6+
72. Kh2 a3 73. Qg4+ Qe6 74. Qf3 Qd6+ 75. Kh1 a2 76. Qb7+ Qc7 77. Qe4 Qc6 78.
Qd4+ Qd6 79. Qc3 Ke6 80. Qc2 Kf6 81. Qc3+ Qe5 82. Qa3 Kg7 83. Qa7+ Kh6 84. Qa3
b4 85. Qc1+ Kg7 0-1

[Event "World Team Championship"]
[Site "Ningbo CHN"]
[Date "2011.07.18"]
[Round "2"]
[White "Karjakin, Sergey"]
[Black "Leko, Peter"]
[Result "1/2-1/2"]
[WhiteElo "2788"]
[BlackElo "2717"]
[PlyCount "59"]
[EventDate "2011.07.17"]

1. e4 e5 2. Nf3 Nc6 3. Bb5 a6 4. Ba4 Nf6 5. O-O Be7 6. d3 b5 7. Bb3 d6 8. a4
Bd7 9. c3 O-O 10. Bc2 Re8 11. Re1 h6 12. Nbd2 Bf8 13. h3 Ne7 14. d4 Ng6 15. Nf1
c5 16. d5 Nh7 17. Be3 Be7 18. b4 c4 19. Qd2 Ng5 20. N1h2 Nxf3+ 21. Nxf3 Nh4 22.
Nxh4 Bxh4 23. Ra3 a5 24. Rea1 axb4 25. cxb4 Bg5 26. a5 Ra6 27. Bxg5 Qxg5 28.
Qxg5 hxg5 29. g4 g6 30. Kg2 1/2-1/2

[Event "World Team Championship"]
[Site "Ningbo CHN"]
[Date "2011.07.18"]
[Round "2"]
[White "Almasi, Zoltan"]
[Black "Grischuk, Alexander"]
[Result "0-1"]
[WhiteElo "2726"]
[BlackElo "2746"]
[PlyCount "74"]
[EventDate "2011.07.17"]

1. e4 c6 2. d4 d5 3. e5 Bf5 4. Nd2 e6 5. Nb3 Nd7 6. Nf3 a6 7. Be2 c5 8. dxc5
Bxc5 9. Nxc5 Nxc5 10. O-O Ne7 11. Nh4 Be4 12. f3 Bg6 13. Be3 Rc8 14. c3 b5 15.
Re1 Na4 16. Qd2 Nc6 17. Nxg6 hxg6 18. f4 Na5 19. Bd4 Nc4 20. Bxc4 dxc4 21. Qf2
Qh4 22. g3 Qe7 23. Rad1 O-O 24. Rd2 Rfd8 25. Red1 Rd5 26. Be3 Rxd2 27. Qxd2 Qb7
28. Kf2 b4 29. Qc2 Qb5 30. cxb4 Qxb4 31. b3 Nb6 32. Rd4 Qb5 33. h4 c3 34. a4
Qa5 35. Re4 Rd8 36. Bxb6 Qxb6+ 37. Kf3 Qc6 0-1

[Event "World Team Championship"]
[Site "Ningbo CHN"]
[Date "2011.07.18"]
[Round "2"]
[White "Nepomniachtchi, Ian"]
[Black "Polgar, Judit"]
[Result "1-0"]
[WhiteElo "2711"]
[BlackElo "2699"]
[PlyCount "81"]
[EventDate "2011.07.17"]

1. e4 c5 2. Nf3 d6 3. d4 cxd4 4. Nxd4 Nf6 5. Nc3 Nc6 6. Bg5 Qb6 7. Nb3 e6 8.
Bxf6 gxf6 9. Qd2 a6 10. f4 Bd7 11. Be2 h5 12. Rf1 O-O-O 13. O-O-O Kb8 14. Kb1
Be7 15. Rf3 Rdg8 16. Bf1 Rc8 17. Qe1 Nb4 18. Qd2 Nc6 19. a3 Rc7 20. Na2 h4 21.
Rh3 Rcc8 22. Qe1 Qc7 23. Qf2 Ka8 24. Nc3 Na5 25. Nc1 Rh5 26. N1a2 Rch8 27. Be2
R5h7 28. Nb4 Be8 29. f5 Qc5 30. Qf1 Nc6 31. Bxa6 bxa6 32. Nxa6 Qa5 33. Nb5 Bd8
34. Rb3 Bb6 35. Nxd6 Ne5 36. Nxe8 Rxe8 37. Rd6 Ka7 38. Rdxb6 Qxb6 39. Rxb6 Kxb6
40. a4 Rc8 41. Qb5+ 1-0

[Event "World Team Championship"]
[Site "Ningbo CHN"]
[Date "2011.07.18"]
[Round "2"]
[White "Balogh, Csaba"]
[Black "Vitiugov, Nikita"]
[Result "1/2-1/2"]
[WhiteElo "2643"]
[BlackElo "2733"]
[PlyCount "76"]
[EventDate "2011.07.17"]

1. e4 e6 2. d4 d5 3. Nd2 c5 4. exd5 Qxd5 5. dxc5 Nf6 6. Ngf3 Qxc5 7. Bd3 Be7 8.
Qe2 Nbd7 9. O-O O-O 10. Ne4 Qc7 11. Bg5 b6 12. Rad1 Bb7 13. Bh4 Nc5 14. Nxc5
Qxc5 15. Ne5 Rad8 16. c4 g6 17. a3 a5 18. Qe3 Kg7 19. Bg5 Ng8 20. Bxe7 Nxe7 21.
Bc2 Bc6 22. Qf4 f6 23. Nxc6 Qxc6 24. b4 e5 25. Qe4 axb4 26. axb4 Qc7 27. f4 Nc6
28. fxe5 Nxe5 29. Bb3 Qe7 30. Rd5 Rxd5 31. cxd5 Rc8 32. Qd4 Qd6 33. Ra1 Rc7 34.
Kh1 h5 35. h3 Re7 36. Qf4 Rc7 37. Qd4 Nf7 38. Re1 Ne5 1/2-1/2

[Event "World Team Championship"]
[Site "Ningbo CHN"]
[Date "2011.07.18"]
[Round "2"]
[White "Radjabov, Teimur"]
[Black "Harikrishna, Pentala"]
[Result "1-0"]
[WhiteElo "2744"]
[BlackElo "2669"]
[PlyCount "75"]
[EventDate "2011.07.17"]

1. e4 e5 2. Nf3 Nc6 3. Bc4 Bc5 4. O-O Nf6 5. d3 O-O 6. Nbd2 d6 7. c3 Bb6 8. Bb3
Ne7 9. h3 c6 10. Re1 Ng6 11. d4 h6 12. Bc2 Be6 13. Nf1 Qc7 14. Be3 Rad8 15. Qc1
Rfe8 16. Ng3 Qd7 17. a4 Bc7 18. a5 a6 19. Ra4 Qe7 20. c4 Qf8 21. d5 Bd7 22. Ra3
Rc8 23. Qd2 Ne7 24. Bb1 Rb8 25. Rb3 Rec8 26. Nh4 Qd8 27. Ra3 Nh7 28. Nhf5 Nxf5
29. exf5 Qf8 30. Nh5 Bd8 31. f6 Bxf6 32. Bxh6 Qe7 33. Bxg7 Bg5 34. f4 Bh4 35.
g3 Nf6 36. fxe5 Nxh5 37. Qh6 f5 38. Qh8+ 1-0

[Event "World Team Championship"]
[Site "Ningbo CHN"]
[Date "2011.07.18"]
[Round "2"]
[White "Sasikiran, Krishnan"]
[Black "Gashimov, Vugar"]
[Result "1/2-1/2"]
[WhiteElo "2681"]
[BlackElo "2760"]
[PlyCount "85"]
[EventDate "2011.07.17"]

1. d4 d5 2. c4 c6 3. Nf3 Nf6 4. Nc3 dxc4 5. a4 e6 6. e3 c5 7. Bxc4 cxd4 8. exd4
Nc6 9. O-O Be7 10. Qe2 O-O 11. Rd1 Nb4 12. a5 Bd7 13. Ne5 Be8 14. Bg5 Nfd5 15.
Nxd5 exd5 16. Bxe7 Qxe7 17. Ng4 Qe6 18. Bd3 Bd7 19. Qxe6 Bxe6 20. Ne3 Rac8 21.
Bb1 Rfd8 22. f4 f6 23. Kf2 Nc6 24. Ra3 Rb8 25. Bd3 b6 26. a6 Rbc8 27. Nc2 Na5
28. Re1 Bd7 29. Nb4 Kf7 30. Rc3 Rxc3 31. bxc3 Bc8 32. h4 g6 33. h5 Rd6 34. Rh1
Kg7 35. Re1 Kf7 36. hxg6+ hxg6 37. Rh1 Kg7 38. Re1 Kf7 39. Bb5 Bd7 40. Be2 Nc6
41. Nc2 Ne7 42. Na3 b5 43. Bxb5 1/2-1/2

[Event "World Team Championship"]
[Site "Ningbo CHN"]
[Date "2011.07.18"]
[Round "2"]
[White "Mamedyarov, Shakhriyar"]
[Black "Ganguly, Surya Shekhar"]
[Result "1-0"]
[WhiteElo "2765"]
[BlackElo "2627"]
[PlyCount "53"]
[EventDate "2011.07.17"]

1. d4 Nf6 2. c4 e6 3. Nc3 Bb4 4. Qc2 O-O 5. e4 d5 6. e5 Ne4 7. Bd3 c5 8. Nf3
cxd4 9. Nxd4 Nd7 10. Bf4 Ndc5 11. O-O Nxd3 12. Qxd3 Bxc3 13. bxc3 b6 14. cxd5
Qxd5 15. Rfd1 Bb7 16. c4 Qa5 17. f3 Nc5 18. Qe3 Qa4 19. Bg5 Qxc4 20. Ne2 Ba6
21. Nf4 Rac8 22. Rd4 Qc2 23. Nh5 Qe2 24. Qxe2 Bxe2 25. Be7 f5 26. exf6 Rf7 27.
Nxg7 1-0

[Event "World Team Championship"]
[Site "Ningbo CHN"]
[Date "2011.07.18"]
[Round "2"]
[White "Wang Yue"]
[Black "Eljanov, Pavel"]
[Result "1/2-1/2"]
[WhiteElo "2709"]
[BlackElo "2697"]
[PlyCount "44"]
[EventDate "2011.07.17"]

1. Nf3 d5 2. d4 Nf6 3. c4 e6 4. Nc3 Bb4 5. Bg5 h6 6. Bxf6 Qxf6 7. e3 O-O 8. Rc1
dxc4 9. Bxc4 c5 10. O-O cxd4 11. Nxd4 Bd7 12. Qb3 Nc6 13. Nce2 Qe7 14. Bb5 Nxd4
15. Nxd4 Bxb5 16. Nxb5 Bc5 17. Rfd1 Rac8 18. g3 Rc6 19. Nd4 Rc7 20. Nb5 Rc6 21.
Nd4 Rc7 22. Nb5 Rc6 1/2-1/2

[Event "World Team Championship"]
[Site "Ningbo CHN"]
[Date "2011.07.18"]
[Round "2"]
[White "Sutovsky, Emil"]
[Black "Adly, Ahmed"]
[Result "1-0"]
[WhiteElo "2700"]
[BlackElo "2631"]
[PlyCount "107"]
[EventDate "2011.07.17"]

1. e4 c5 2. Nf3 d6 3. d4 cxd4 4. Nxd4 Nf6 5. Nc3 a6 6. Be3 e5 7. Nf3 Qc7 8. a4
h6 9. a5 Be6 10. Nd5 Nxd5 11. exd5 Bf5 12. c4 Nd7 13. Be2 Be7 14. O-O g5 15.
Bd3 Bxd3 16. Qxd3 O-O 17. Qf5 Nf6 18. Nd2 Qd7 19. Qxd7 Nxd7 20. g4 f5 21. gxf5
Rxf5 22. Ne4 Rc8 23. Rfc1 Rf7 24. b4 Nf6 25. Nxf6+ Bxf6 26. c5 e4 27. Ra2 dxc5
28. bxc5 Rd7 29. d6 Be5 30. Rb1 Kf7 31. Ra4 Bf4 32. Rxe4 Bxe3 33. fxe3 Rxc5 34.
Rf1+ Kg7 35. Re6 Rxa5 36. e4 Rc5 37. e5 a5 38. Re8 a4 39. Re1 Rd5 40. Ra8 b5
41. e6 R5xd6 42. exd7 Rxd7 43. Ra5 Kg6 44. Rxb5 Kh5 45. Ra5 Kh4 46. Rxa4+ g4
47. Ra6 h5 48. Ra5 Rb7 49. Ree5 Rb1+ 50. Kf2 Rb2+ 51. Ke3 Rb3+ 52. Kd4 Kh3 53.
Rxh5+ Kg2 54. Ra2+ 1-0

[Event "World Team Championship"]
[Site "Ningbo CHN"]
[Date "2011.07.18"]
[Round "2"]
[White "Kamsky, Gata"]
[Black "Aronian, Levon"]
[Result "1-0"]
[WhiteElo "2741"]
[BlackElo "2805"]
[PlyCount "159"]
[EventDate "2011.07.17"]

1. e4 e5 2. Nf3 Nc6 3. Bb5 a6 4. Ba4 Nf6 5. O-O Be7 6. d3 b5 7. Bb3 d6 8. a4 b4
9. Bg5 O-O 10. Nbd2 h6 11. Bh4 Rb8 12. Re1 Na5 13. Ba2 c5 14. Nc4 Nc6 15. Ne3
Be6 16. Bxf6 Bxf6 17. Bc4 Qc8 18. h4 Ne7 19. g3 g6 20. Kg2 Bh3+ 21. Kh2 Bd7 22.
Rg1 Bg7 23. h5 Kh8 24. Rg2 f5 25. Nh4 Bc6 26. hxg6 f4 27. Nd5 Nxd5 28. Bxd5
Bxd5 29. exd5 c4 30. g4 f3 31. Rg3 b3 32. c3 Rf4 33. Nf5 cxd3 34. Qxd3 e4 35.
Qe3 Rxf5 36. gxf5 Qxf5 37. Re1 Re8 38. Rxf3 Be5+ 39. Rg3 Qxg6 40. Kg2 Bxg3 41.
fxg3 Kg8 42. Rf1 Rf8 43. Rxf8+ Kxf8 44. Qf4+ Ke8 45. Kf2 h5 46. Ke3 Kd7 47. a5
Kc8 48. Kd4 Kc7 49. Qxe4 Qxg3 50. Qh7+ Kd8 51. Qh8+ Kc7 52. Qxh5 Qf2+ 53. Kc4
Qc5+ 54. Kxb3 Qb5+ 55. Kc2 Qa4+ 56. Kd2 Qxa5 57. Qf7+ Kb6 58. Qg8 Qb5 59. b4
Kc7 60. Qf7+ Kd8 61. Qf6+ Kc7 62. Qe7+ Kc8 63. Qxd6 Qf1 64. Qe6+ Kb7 65. Qe4
Qf2+ 66. Kd3 Qa2 67. Qf3 Qb1+ 68. Kd4 Qg6 69. Kc4 Kc7 70. Qd3 Qg1 71. Kb3 Qa1
72. c4 a5 73. Qh7+ Kd8 74. Qg8+ Kc7 75. d6+ Kxd6 76. Qd5+ Ke7 77. bxa5 Qb1+ 78.
Ka4 Kf6 79. a6 Kg6 80. Ka5 1-0

[Event "World Team Championship"]
[Site "Ningbo CHN"]
[Date "2011.07.18"]
[Round "2"]
[White "Movsesian, Sergei"]
[Black "Onischuk, Alexander"]
[Result "1-0"]
[WhiteElo "2700"]
[BlackElo "2675"]
[PlyCount "81"]
[EventDate "2011.07.17"]

1. e4 e5 2. Nf3 Nc6 3. Bb5 a6 4. Ba4 Nf6 5. O-O Bc5 6. c3 b5 7. Bb3 d6 8. d4
Bb6 9. Be3 Bg4 10. Nbd2 O-O 11. h3 Bh5 12. dxe5 dxe5 13. Qe2 Qe7 14. Rfd1 Na5
15. Nf1 Nxb3 16. axb3 Qe6 17. b4 Bxe3 18. Qxe3 Rfd8 19. Rxd8+ Rxd8 20. Ne1 Qc6
21. f3 Rd6 22. Nd3 Nd7 23. Nc5 Nxc5 24. Qxc5 f6 25. Ne3 Bf7 26. Nf5 Qxc5+ 27.
bxc5 Re6 28. Ne3 Kf8 29. b4 Rc6 30. g4 h5 31. Kf2 h4 32. Nd5 g5 33. Ke3 Ke8 34.
Rd1 Kf8 35. Kd3 Be6 36. c4 bxc4+ 37. Kxc4 Kf7 38. Ra1 Bd7 39. b5 axb5+ 40. Kb4
Be8 41. Ra7 1-0

[Event "44th Biel Chess Festival"]
[Site "Biel SUI"]
[Date "2011.07.18"]
[Round "1"]
[White "Pelletier, Yannick"]
[Black "Carlsen, Magnus"]
[Result "0-1"]
[WhiteElo "2590"]
[BlackElo "2821"]
[PlyCount "175"]
[EventDate "2011.07.18"]

1. d4 Nf6 2. c4 g6 3. Nc3 d5 4. cxd5 Nxd5 5. e4 Nxc3 6. bxc3 Bg7 7. Nf3 c5 8.
Rb1 O-O 9. Be2 b6 10. O-O Bb7 11. d5 Bxc3 12. Bc4 Bg7 13. Qd3 Qc8 14. Bg5 Re8
15. e5 e6 16. dxe6 fxe6 17. Rbd1 Bxf3 18. Qxf3 Nc6 19. Bb5 Nxe5 20. Qe4 Nf7 21.
Bh4 Bd4 22. Rxd4 cxd4 23. Bxe8 Qxe8 24. Qxd4 Rc8 25. Re1 e5 26. Qg4 Rc2 27. h3
Qc6 28. Bg3 Rxa2 29. Bxe5 Nxe5 30. Rxe5 Ra4 31. Qd1 Rf4 32. Qb3+ Rf7 33. Re7
Qc1+ 34. Kh2 Qf4+ 35. Kh1 Kf8 36. Re2 Kg7 37. Qd5 a5 38. f3 Rc7 39. Re1 Rc1 40.
Rxc1 Qxc1+ 41. Kh2 Qc7+ 42. Kh1 Kf6 43. Qd4+ Ke6 44. Qg4+ Kd6 45. Qd4+ Kc6 46.
Qe4+ Kb5 47. Qe2+ Qc4 48. Qe8+ Qc6 49. Qe2+ Kc5 50. Qe3+ Kb4 51. Qe1+ Kc4 52.
Qe2+ Kc3 53. Qe3+ Kb2 54. Qd2+ Kb1 55. Qd3+ Qc2 56. Qb5+ Ka1 57. Kh2 Qc7+ 58.
Kh1 Qc1+ 59. Kh2 Qf4+ 60. Kh1 Qd4 61. Qf1+ Kb2 62. Qe2+ Kc1 63. Qe4 Qc3 64. f4
b5 65. Qe5 Qc4 66. Qa1+ Kc2 67. Qxa5 b4 68. Qa4+ Kb2 69. f5 gxf5 70. Kh2 h5 71.
Qd7 Qf4+ 72. Kh1 b3 73. Qd3 Qf2 74. Qd5 h4 75. Kh2 Qf4+ 76. Kh1 Kc2 77. Qc5+
Kb1 78. Qb5 b2 79. Qd3+ Ka2 80. Qa6+ Kb3 81. Qb5+ Ka3 82. Qa5+ Qa4 83. Qc5+ Ka2
84. Qd5+ Ka1 85. Qe5 Qe4 86. Qa5+ Kb1 87. Qc3 f4 88. Qd2 0-1

[Event "44th Biel Chess Festival"]
[Site "Biel SUI"]
[Date "2011.07.18"]
[Round "1"]
[White "Caruana, Fabiano"]
[Black "Vachier-Lagrave, Maxime"]
[Result "1/2-1/2"]
[WhiteElo "2711"]
[BlackElo "2722"]
[PlyCount "90"]
[EventDate "2011.07.18"]

1. e4 c5 2. Nf3 d6 3. d4 cxd4 4. Nxd4 Nf6 5. Nc3 a6 6. Bg5 e6 7. f4 h6 8. Bh4
Qb6 9. a3 Nbd7 10. Bc4 g5 11. Bf2 Qc7 12. Qe2 Nb6 13. Bb3 gxf4 14. O-O-O Be7
15. Rhe1 Rg8 16. g3 fxg3 17. Bxg3 e5 18. Nf5 Bxf5 19. exf5 Rg7 20. Kb1 O-O-O
21. Bf2 Rd7 22. Bxb6 Qxb6 23. Bxf7 Kb8 24. Bb3 Rc7 25. Rd3 Rg5 26. Rf1 h5 27.
h3 Rg1 28. Rxg1 Qxg1+ 29. Ka2 Qg5 30. Qf3 h4 31. Re3 Rc5 32. Ne4 Nxe4 33. Rxe4
Bf6 34. Rb4 Qg7 35. Qd3 Qd7 36. Rb6 Rc6 37. Rb4 Qc7 38. Qd5 Ka7 39. Rg4 Qc8 40.
Qe4 d5 41. Qxd5 Qxf5 42. c3 Qf2 43. Qf7 e4 44. Rg7 Qb6 45. Rg2 e3 1/2-1/2

[Event "44th Biel Chess Festival"]
[Site "Biel SUI"]
[Date "2011.07.18"]
[Round "1"]
[White "Shirov, Alexei"]
[Black "Morozevich, Alexander"]
[Result "1/2-1/2"]
[WhiteElo "2714"]
[BlackElo "2694"]
[PlyCount "48"]
[EventDate "2011.07.18"]

1. e4 e6 2. d4 d5 3. Nc3 Nf6 4. e5 Nfd7 5. f4 c5 6. Nf3 Nc6 7. Be3 cxd4 8. Nxd4
Qb6 9. Qd2 Qxb2 10. Rb1 Qa3 11. Bb5 Nxd4 12. Bxd4 a6 13. Bxd7+ Bxd7 14. Rb3 Qe7
15. Rxb7 Qh4+ 16. Qf2 Be7 17. Qxh4 Bxh4+ 18. Kd2 Bd8 19. Rhb1 Bc6 20. Rb8 Rxb8
21. Rxb8 O-O 22. Rc8 Bb7 23. Rb8 Bc6 24. Rc8 Bb7 1/2-1/2

[Event "World Team Championship"]
[Site "Ningbo CHN"]
[Date "2011.07.19"]
[Round "3"]
[White "Aronian, Levon"]
[Black "Karjakin, Sergey"]
[Result "1-0"]
[WhiteElo "2805"]
[BlackElo "2788"]
[PlyCount "147"]
[EventDate "2011.07.17"]

1. d4 d5 2. c4 c6 3. Nc3 Nf6 4. e3 e6 5. Nf3 Nbd7 6. Qc2 Bd6 7. Bd3 dxc4 8.
Bxc4 O-O 9. O-O a6 10. e4 e5 11. Rd1 Qc7 12. h3 b5 13. Bb3 exd4 14. Nxd4 Nc5
15. Bg5 Be5 16. Bxf6 Bxf6 17. Nxc6 Bb7 18. Nd4 Nxb3 19. Qxb3 Rad8 20. Nd5 Bxd5
21. exd5 Bxd4 22. Rxd4 Qe5 23. Rad1 Rd6 24. a4 bxa4 25. Qxa4 g6 26. Qc4 Rfd8
27. b4 Qf5 28. h4 h5 29. g3 Kg7 30. Kg2 Kg8 31. Ra1 Rc8 32. Qf1 Qe5 33. Qd1 Re8
34. Ra2 Qf5 35. Rc2 Re4 36. Rc5 Rf6 37. Rxe4 Qxe4+ 38. Kg1 Qxb4 39. Rc6 Qb2 40.
Rxf6 Qxf6 41. d6 Qd8 42. Qd5 Kf8 43. Qc5 f6 44. Qc7 Ke8 45. Qc6+ Kf7 46. Qc4+
Ke8 47. Qg8+ Kd7 48. Qxg6 Qh8 49. Qd3 a5 50. Qd4 a4 51. Qc5 Ke6 52. Qc6 a3 53.
Qa6 a2 54. Qxa2+ Kxd6 55. Qf7 Ke5 56. Qd7 Qh6 57. Qe8+ Kd6 58. Qd8+ Ke6 59.
Qg8+ Kd6 60. Kg2 Ke7 61. f4 Qf8 62. Qd5 Qe8 63. Qc5+ Ke6 64. Kf3 Qg6 65. Kf2
Kf7 66. f5 Qh6 67. Qc7+ Kg8 68. Qc4+ Kh8 69. Qe2 Kg7 70. Qe3 Qh8 71. Qe7+ Kh6
72. Ke3 Qg8 73. Qxf6+ Kh7 74. Qg6+ 1-0

[Event "World Team Championship"]
[Site "Ningbo CHN"]
[Date "2011.07.19"]
[Round "3"]
[White "Grischuk, Alexander"]
[Black "Movsesian, Sergei"]
[Result "1/2-1/2"]
[WhiteElo "2746"]
[BlackElo "2700"]
[PlyCount "48"]
[EventDate "2011.07.17"]

1. d4 d5 2. c4 c6 3. Nf3 Nf6 4. Nc3 a6 5. a4 e6 6. g3 c5 7. cxd5 cxd4 8. Nxd4
Nxd5 9. Bg2 Nxc3 10. bxc3 e5 11. Nb3 Qxd1+ 12. Kxd1 Nc6 13. Be3 Be6 14. Kc2
O-O-O 15. Bb6 Rd7 16. Rhd1 Rxd1 17. Rxd1 Be7 18. Bxc6 bxc6 19. Na5 c5 20. c4 h5
21. Nc6 Bf6 22. Na5 Be7 23. Nc6 Bf6 24. Na5 Be7 1/2-1/2

[Event "World Team Championship"]
[Site "Ningbo CHN"]
[Date "2011.07.19"]
[Round "3"]
[White "Akopian, Vladimir"]
[Black "Nepomniachtchi, Ian"]
[Result "1/2-1/2"]
[WhiteElo "2667"]
[BlackElo "2711"]
[PlyCount "64"]
[EventDate "2011.07.17"]

1. e4 c5 2. Nf3 d6 3. d4 cxd4 4. Nxd4 Nf6 5. Nc3 a6 6. Be3 e5 7. Nb3 Be6 8. f3
h5 9. Qd2 Nbd7 10. Be2 Rc8 11. O-O Be7 12. f4 b5 13. a3 Nb6 14. Na5 exf4 15.
Rxf4 d5 16. Nb7 Qc7 17. e5 Qxb7 18. exf6 Bxf6 19. Bd4 Nd7 20. Bf3 Rc4 21. b3
Rxd4 22. Rxd4 Qb6 23. Rd1 Bxd4+ 24. Qxd4 Qxd4+ 25. Rxd4 Nb6 26. Nxd5 Nxd5 27.
Bxd5 Ke7 28. Bxe6 Kxe6 29. c4 Rc8 30. cxb5 axb5 31. Rb4 Rc1+ 32. Kf2 Ra1
1/2-1/2

[Event "World Team Championship"]
[Site "Ningbo CHN"]
[Date "2011.07.19"]
[Round "3"]
[White "Svidler, Peter"]
[Black "Sargissian, Gabriel"]
[Result "1-0"]
[WhiteElo "2739"]
[BlackElo "2663"]
[PlyCount "99"]
[EventDate "2011.07.17"]

1. e4 e5 2. Nf3 Nc6 3. Bb5 a6 4. Ba4 Nf6 5. O-O Be7 6. d3 b5 7. Bb3 d6 8. a4 b4
9. a5 O-O 10. Nbd2 Be6 11. Nc4 Rb8 12. c3 bxc3 13. bxc3 Na7 14. Ng5 Bg4 15. f3
Bh5 16. Qc2 Nd7 17. Nh3 Kh8 18. Ne3 Nb5 19. Nf5 Bg6 20. Nxe7 Qxe7 21. Be3 c6
22. Nf2 Rfc8 23. Rfb1 d5 24. Ba4 dxe4 25. dxe4 Nc5 26. Nd3 Nxa4 27. Qxa4 f5 28.
Nc5 fxe4 29. fxe4 Ra8 30. Qb4 Nd6 31. Nxa6 Rxa6 32. Bc5 Qe6 33. Bxd6 Bxe4 34.
Qxe4 Qxd6 35. Qb4 Qc7 36. Qb7 Qxb7 37. Rxb7 Re8 38. Kf2 Kg8 39. Rd1 Rxa5 40.
Rdd7 Ra2+ 41. Kg3 Rc2 42. Rxg7+ Kh8 43. Rxh7+ Kg8 44. h4 Rxc3+ 45. Kg4 Ra8 46.
Rhg7+ Kf8 47. Kf5 c5 48. h5 Ra6 49. Rgc7 Ra8 50. Rh7 1-0

[Event "World Team Championship"]
[Site "Ningbo CHN"]
[Date "2011.07.19"]
[Round "3"]
[White "Adly, Ahmed"]
[Black "Kamsky, Gata"]
[Result "1/2-1/2"]
[WhiteElo "2631"]
[BlackElo "2741"]
[PlyCount "59"]
[EventDate "2011.07.17"]

1. d4 d5 2. Nf3 Nf6 3. c4 c6 4. Nc3 a6 5. e3 g6 6. Be2 Bg7 7. O-O O-O 8. Ne5 c5
9. cxd5 Nxd5 10. Nxd5 Qxd5 11. Bf3 Qd8 12. Qb3 Qc7 13. Bd2 Bxe5 14. dxe5 Nc6
15. Bxc6 Qxc6 16. Ba5 b5 17. Rfd1 Be6 18. Qc2 Rfc8 19. a3 Qb7 20. Rac1 b4 21.
axb4 cxb4 22. Qd2 b3 23. Rxc8+ Rxc8 24. Rc1 Rxc1+ 25. Qxc1 Qd5 26. Qd2 Qxd2 27.
Bxd2 Kf8 28. f3 Ke8 29. Kf2 Kd7 30. Bb4 1/2-1/2